| 000 | 00795nam a2200229 a 4500 | ||
|---|---|---|---|
| 001 | 312 | ||
| 005 | 20221127085917.0 | ||
| 008 | 050920s lxxua 00100 eng d | ||
| 020 |
_a0070267790(hpb) : _cSR168.00 |
||
| 035 | _a325 | ||
| 082 | 0 | 4 |
_a658.562 _bH238 1997 |
| 100 | 1 | _aHarrington, H. James | |
| 245 | 1 | 0 |
_aBusiness process improvement workbook : _bdocumentation, analysis, design ... / _cH. James Harrington, Erik Esseling, Harm van Nimwegen. |
| 260 |
_aNew York : _bMcGraw-Hill, _c1997. |
||
| 300 |
_axix, 314 p. : _bill. ; _c25 cm. |
||
| 500 | _aIncludes index. | ||
| 650 | 4 |
_aQuality control _vHandbooks, manuals, etc. |
|
| 650 | 4 | _aProduct management. | |
| 650 | 4 | _aIndustrial management. | |
| 700 | 1 |
_aEsseling, Erik K. C., _ejt. author. |
|
| 700 | 1 |
_aNimwegen, Harm van, _ejt. author. |
|
| 999 |
_c312 _d312 |
||